000 00724pam a2200241 a 4500
999 _c7513
_d7513
001 3397196
003 OSt
005 20190212165616.0
008 890313s1989 ilu 000 0 eng
010 _a 89002176
020 _a0830812679
040 _aDLC
_cDLC
_dDLC
050 0 0 _aBS647.2
_b.H68 1989
082 0 0 _a231.74
_220
_bH843P
100 1 _aHouston, Graham,
_d1950-
245 1 0 _aProphecy :
_ba gift for today? /
_cGraham Houston ; foreword by I. Howard Marshall.
260 _aDowners Grove, Ill. :
_bInterVarsity Press,
_cc1989.
300 _a208 p. ;
_c21 cm.
630 0 0 _aBible
_xProphecies.
906 _a7
_bcbc
_corignew
_d1
_eocip
_f19
_gy-gencatlg
942 _2ddc
_cBK